[Event "Santiago Endesa 11"]
[Site "Santiago de Chile"]
[Date "2009.07.06"]
[Round "2"]
[White "Romero Araya, Diego Alonso"]
[Black "Jorquera Cahuin, Marcelo Joaquin"]
[Result "1-0"]
[WhiteElo "2300"]
[BlackElo "2328"]
[PlyCount "65"]
[EventDate "2009.07.01"]
[EventType "tourn"]
[EventRounds "9"]
[EventCountry "CHI"]
[SourceTitle "EXT 2012"]
[Source "ChessBase"]
[SourceDate "2011.11.24"]
[SourceVersion "1"]
[SourceVersionDate "2011.11.24"]
[SourceQuality "1"]

1. e4 c5 2. Nf3 Nc6 3. d4 cxd4 4. Nxd4 g6 5. Nc3 Bg7 6. Be3 Nf6 7. Bc4 0-0 8. Bb3 a5 9. 0-0 d6 10. Ndb5 Nd7 11. a4 Nc5 12. Bd5 Bd7 13. f4 Nb4 14. e5 Nxd5 15. Qxd5 Bc6 16. Qc4 Ne4 17. Nxe4 d5 18. Qb3 dxe4 19. Rad1 Qc8 20. Na7 Qc7 21. Bb6 Qb8 22. Nxc6 bxc6 23. Rd7 e6 24. Rfd1 Re8 25. R1d6 Bf8 26. Rxc6 Ra6 27. Qb5 Qa8 28. c4 e3 29. c5 e2 30. Kf2 Rc8 31. Rxc8 Qxc8 32. Rd8 Qb7 33. c6 1-0

[Event "Santiago Endesa 02"]
[Site "Santiago de Chile"]
[Date "2009.04.06"]
[Round "10"]
[White "Andueza Quezada, Danilo"]
[Black "Romero Araya, Diego Alonso"]
[Result "0-1"]
[WhiteElo "2202"]
[BlackElo "2140"]
[PlyCount "76"]
[EventDate "2009.03.16"]
[EventType "tourn"]
[EventRounds "11"]
[EventCountry "CHI"]
[SourceTitle "EXT 2012"]
[Source "ChessBase"]
[SourceDate "2011.11.24"]
[SourceVersion "1"]
[SourceVersionDate "2011.11.24"]
[SourceQuality "1"]

1. d4 Nf6 2. c4 g6 3. Nc3 Bg7 4. e4 d6 5. Bd3 0-0 6. Nge2 c5 7. d5 e6 8. 0-0 exd5 9. cxd5 a6 10. a4 Re8 11. h3 Nbd7 12. Bf4 Qe7 13. Ng3 Rb8 14. Qd2 Qf8 15. a5 b5 16. axb6 Rxb6 17. Ra2 h5 18. Re1 Ne5 19. Be2 h4 20. Nf1 Rb4 21. Bxa6 Bxa6 22. Rxa6 Nc4 23. Qc1 Nh5 24. Bg5 Nxb2 25. Re2 Nd3 26. Qd2 c4 27. Nd1 Reb8 28. Rc6 Nc5 29. Re3 Rb1 30. Qc2 Ra1 31. Re2 Rbb1 32. Nfe3 Rc1 33. Rc7 Rxc2 34. Rxc2 Bf6 35. Bxf6 Nxf6 36. f3 Qb8 37. Rc6 Rxd1+ 38. Nxd1 Qb1 0-1

[Event "Santiago Endesa 02"]
[Site "Santiago de Chile"]
[Date "2009.04.01"]
[Round "8"]
[White "Romero Araya, Diego Alonso"]
[Black "Cuevas Araya, Walter"]
[Result "0-1"]
[WhiteElo "2140"]
[BlackElo "2182"]
[PlyCount "70"]
[EventDate "2009.03.16"]
[EventType "tourn"]
[EventRounds "11"]
[EventCountry "CHI"]
[SourceTitle "EXT 2012"]
[Source "ChessBase"]
[SourceDate "2011.11.24"]
[SourceVersion "1"]
[SourceVersionDate "2011.11.24"]
[SourceQuality "1"]

1. e4 e5 2. Nf3 Nf6 3. Nxe5 d6 4. Nf3 Nxe4 5. Nc3 Nxc3 6. dxc3 Be7 7. Bf4 Be6 8. Qd2 Nc6 9. 0-0-0 Bxa2 10. b3 a5 11. Kb2 a4 12. Ra1 axb3 13. cxb3 Bxb3 14. Rxa8 Qxa8 15. Kxb3 Qa1 16. Qc1 Na5+ 17. Kc2 Qa4+ 18. Kb1 Nb3 19. Qb2 Qe4+ 20. Qc2 Qa4 21. Kb2 Qxf4 22. Qxb3 0-0 23. Qc4 Qh6 24. Qe4 Bf6 25. Bd3 d5 26. Qe3 Qh5 27. Ra1 Qg4 28. h3 Qb4+ 29. Kc1 Qxc3+ 30. Kd1 Qxa1+ 31. Ke2 c5 32. Qxc5 Re8+ 33. Kd2 Qb2+ 34. Bc2 Be7 35. Qd4 Bb4+ 0-1